000 00877nam a2200241 i 4500
001 155316
003 ES-MaACL
005 20250817154036.0
008 970820s1861 sp l |||| | spa d
100 1 _aHernández de Ariza, José.
_9127909
245 1 0 _aApéndices a la Ley Hipotecaria, comentada para facilitar su genuina inteligencia y su recta aplicacion /
_cpor José Hernández de Ariza.
260 _aMadrid :
_bImp. Nacional,
_c1861.
300 _a2 v. (568, CCCCLXXVIII p.) ;
_c23 cm.
510 4 _aPalau,
_c113649
597 _aPag. continua.
597 _aPort. con esc. real grab.
610 1 4 _aEspaña.
_tLey hipotecaria, 1861.
_9168619
650 4 _aHipotecas-
_zEspaña-
_vLegislación.
_913366
710 2 _aImprenta Nacional
_9134461
752 _aEspaña -
_dMadrid
852 _aES-MaACL
_jC-2442
_z- Enc. hol.
999 _c155316
_d155316